LEADER 01154cam0-22003371i-450- 001 990006090060403321 005 20150702115936.0 035 $a000609006 035 $aFED01000609006 035 $a(Aleph)000609006FED01 035 $a000609006 100 $a20000112f19901991km-a0itay50------ba 101 0 $aita 102 $aIT 105 $ay-------001yy 200 1 $a<>pubblica istruzione e suo ordinamento$eguida alla consultazione delle disposizioni normative del Ministero della Pubblica Istruzione apparse sul Bollettino Ufficiale dal 1 gennaio al 30 giugno 1990$fa cura di Giuseppe Scanu 210 $aMilano$cGiuffrè$d[199-?] 215 $a866 p.$d21 cm 300 $aSul front.: Ministero della Pubblica Istruzione 676 $a344$v20$zita 702 1$aScanu,$bGiuseppe$f<1950- > 710 01$aItalia.$bMinistero della pubblica istruzione$0354240 801 0$aIT$bUNINA$gRICA$2UNIMARC 901 $aBK 912 $a990006090060403321 952 $aDP XXXIV - 136$b11254$fDEC 952 $aVI Z 213$b17884$fFGBC 959 $aDEC 959 $aFGBC 996 $aPubblica istruzione e suo ordinamento$9576894 997 $aUNINA LEADER 01417nam0-2200433---450 001 990005689780203316 005 20211101181726.0 035 $a000568978 035 $aUSA01000568978 035 $a(ALEPH)000568978USA01 035 $a000568978 100 $a20060206d1980----|||y0itaa50------ba 101 $aita 102 $ait 105 $az 00||| 200 1 $a<> Scuola di studi superiori e l'eredità del pensiero filosofico napoletano ed europeo$fP. Dibon ...[et al.] 210 $aFirenze$cLe Monnier$d1980 215 $a13 p.$d24 cm 300 $aEstratto. 606 $aSCUOLA SUPERIORE DI FILOSOFIA $2F 620 $dFIRENZE 676 $a370.73 702 1$aDIBON,$bPaul 702 1$aGADAMER,$bHans-Georg 702 1$aMAROTTA,$bGerardo$f<1927-2017> 702 1$aKRISTELLER,$bPaul Oskar 702 1$aGERAETS,$bThéodore F. 702 1$aSCHMITT,$bCharles B. 801 0$aIT$bSA$c20111219 912 $a990005689780203316 950 0$aDipar.to di Filosofia - Salerno$dDFFDC SCU$e7428 FIL 951 $aXV.18.MISC. 44 (FDC SCU)$b7428 FIL$cXV.18.MISC$d532385 951 $aXV.18.MISC. 44 a (FDC SCU A)$b7550 FIL$cXV.18.MISC$d532375 959 $aBK 969 $aFDECI 979 $c20121027$lUSA01$h1526 979 $c20121027$lUSA01$h1615 996 $aScuola di studi superiori e l'eredità del pensiero filosofico napoletano ed europeo$91084064 997 $aUNISA